Cinema of interruptions (Record no. 120273)

MARC details
000 -LEADER
fixed length control field 00817nam a2200253Ia 4500
003 - CONTROL NUMBER IDENTIFIER
control field OSt
005 - DATE AND TIME OF LATEST TRANSACTION
control field 20220918163558.0
008 - FIXED-LENGTH DATA ELEMENTS--GENERAL INFORMATION
fixed length control field 220917b |||||||| |||| 00| 0 eng d
020 ## - INTERNATIONAL STANDARD BOOK NUMBER
International Standard Book Number 019 566352 7 (hbk)
037 ## - SOURCE OF ACQUISITION
Terms of availability Textual
040 ## - CATALOGING SOURCE
Original cataloging agency ARTS
Transcribing agency ARTS
Language of cataloging eng
041 ## - LANGUAGE CODE
Source of code eng
Language code of text/sound track or separate title eng
100 ## - MAIN ENTRY--PERSONAL NAME
Personal name Gopalan Lalitha
9 (RLIN) 13977
245 #0 - TITLE STATEMENT
Title Cinema of interruptions
Remainder of title Action generes in contemporary Indian cinema
260 ## - PUBLICATION, DISTRIBUTION, ETC.
Place of publication, distribution, etc. New Delhi
Name of publisher, distributor, etc. Oxford University Press India
Date of publication, distribution, etc. 2003
300 ## - PHYSICAL DESCRIPTION
Extent viii,218p.
Dimensions cm.
650 ## - SUBJECT ADDED ENTRY--TOPICAL TERM
Topical term or geographic name entry element ARTS; MOTION PICTURES
9 (RLIN) 13978
942 ## - ADDED ENTRY ELEMENTS (KOHA)
Classification part NW, P3(TTN)
Koha item type Textual
Source of classification or shelving scheme Colon Classification (CC)
Holdings
Withdrawn status Lost status Damaged status Not for loan Home library Current library Date acquired Source of acquisition Cost, normal purchase price Total Checkouts Full call number Barcode Date last seen Cost, replacement price Price effective from Koha item type
        Arts Library Arts Library 2022-09-18 427, 19/03/2008, Swaraj Prakashan 495.00   NW P3(TTN) AL1293129 2022-09-18 495.00 2022-09-18 Textual
Copyright @ Delhi University Library System